[Event "MTO"]
[Site "Biel SUI"]
[Date "2009.07.20"]
[Round "1"]
[White "Golod,V"]
[Black "Nabavi,P"]
[Result "1-0"]
[WhiteElo "2599"]
[BlackElo "2146"]

1.d4 d5 2.c4 e6 3.Nf3 Nf6 4.Nc3 Be7 5.Bf4 O-O 6.e3 c5 7.dxc5 Bxc5 8.Qc2 Nc6
9.a3 Qe7 10.Rd1 Rd8 11.b4 Bb6 12.c5 Bc7 13.Bxc7 Qxc7 14.Be2 e5 15.O-O Bg4
16.h3 Bxf3 17.Bxf3 Ne7 18.Qb3 Qc6 19.Rd2 e4 20.Be2 b6 21.cxb6 axb6 22.Rfd1 Rdc8
23.Nb5 h6 24.a4 Ng6 25.Ra2 Ne5 26.Nd4 Qb7 27.Rc2 Rxc2 28.Qxc2 Rc8 29.Qa2 Kh8
30.a5 bxa5 31.bxa5 Nc4 32.a6 Qa8 33.a7 Nd7 34.Rb1 Kh7 35.Bg4 Nce5 36.Bf5+ g6
37.Bxd7 Nxd7 38.Qa5 Rc5 39.Rb5 Rxb5 40.Nxb5 Nc5 41.Nc7  1-0

[Event "Quebec Open"]
[Site "Montreal CAN"]
[Date "2009.07.20"]
[Round "4"]
[White "Malaniuk,V"]
[Black "Ye,L"]
[Result "1-0"]
[WhiteElo "2563"]
[BlackElo "2179"]

1.d4 d5 2.c4 e6 3.Nf3 Nf6 4.Nc3 Be7 5.Bf4 O-O 6.e3 c5 7.dxc5 Bxc5 8.Be2 Nc6
9.O-O a6 10.cxd5 Nxd5 11.Nxd5 exd5 12.Rc1 Bb6 13.Qc2 h6 14.Ne5 Nxe5 15.Bxe5 Qg5
16.Qb3 Ba7 17.Bf4 Qf6 18.Qxd5 Qxb2 19.Bd3 Be6 20.Qe4 g6 21.Be5 Qxa2 22.Qh4 Bb8
23.Ba1 Kh7 24.Rc5 f5 25.Qd4 Rg8 26.Rfc1 Ba7 27.Rc7+ Bf7 28.Qc4  1-0

[Event "13th Battle of Senta Open A"]
[Site "Senta SRB"]
[Date "2009.07.20"]
[Round "4"]
[White "Farkas,Ti"]
[Black "Solomunovic,I"]
[Result "1/2-1/2"]
[WhiteElo "2303"]
[BlackElo "2421"]

1.c4 e6 2.Nc3 d5 3.d4 Be7 4.Nf3 Nf6 5.Bf4 O-O 6.e3 c5 7.dxc5 Bxc5 8.a3 Nc6
9.Qc2 Qa5 10.Be2 Be7 11.O-O dxc4 12.Bxc4 a6 13.b4 Qd8 14.Rad1 Bd7 15.Ne4 Nxe4
16.Qxe4 Qc8 17.h4 h6 18.Ba2 Rd8 19.Rc1 Be8 20.Ne5 Bd6 21.Nc4 Bxf4 22.Qxf4 Qb8
23.Qxb8 Raxb8 24.Rfd1 Kf8 25.Nd6 Ke7 26.Nxe8 Kxe8 27.Kf1 Rxd1+ 28.Rxd1 Rc8
29.Rc1 Ke7 30.Bb1 f5 31.f4 g5 32.hxg5 hxg5 33.fxg5 Rg8 34.Bd3 Kd6 35.Be2 Rxg5
36.Bf3 Nd8  1/2-1/2

[Event "MTO"]
[Site "Biel SUI"]
[Date "2009.07.21"]
[Round "2"]
[White "Riazantsev,A"]
[Black "Nezad,H"]
[Result "1-0"]
[WhiteElo "2647"]
[BlackElo "2406"]

1.d4 d5 2.c4 e6 3.Nf3 Nf6 4.Nc3 Be7 5.Bf4 O-O 6.a3 Nbd7 7.Nb5 Ne8 8.e3 dxc4
9.Bxc4 Nd6 10.Rc1 a6 11.Nxd6 cxd6 12.Bd3 Nf6 13.e4 Bd7 14.O-O Bb5 15.Bxb5 axb5
16.Qd3 Qd7 17.Nd2 Rfc8 18.f3 d5 19.e5 Ne8 20.Be3 b4 21.axb4 Bxb4 22.Nb3 Rxc1
23.Rxc1 Nc7 24.h4 Na6 25.h5 h6 26.f4 Rc8 27.g4 Rxc1+ 28.Nxc1 Bf8 29.Bd2 Qa4
30.Bc3 Nc7 31.Kg2 b5 32.b3 Qa3 33.Qc2 b4 34.Bb2 Qa7  1-0

[Event "2nd Open"]
[Site "Paleohora GRE"]
[Date "2009.07.21"]
[Round "1"]
[White "Turov,M"]
[Black "Gkoulios,K"]
[Result "1-0"]
[WhiteElo "2561"]
[BlackElo "1837"]

1.d4 d5 2.c4 e6 3.Nc3 Nf6 4.Nf3 Be7 5.Bf4 a6 6.e3 O-O 7.Qc2 Nbd7 8.c5 Re8
9.Bd3 Bxc5 10.dxc5 e5 11.Bg5 e4 12.Bxe4 dxe4 13.Nxe4 Qe7 14.Nxf6+ Nxf6 15.Qc3 Ne4
16.Bxe7 Nxc3 17.Bh4 Ne4 18.Rc1 Bd7 19.O-O b6 20.cxb6 cxb6 21.Nd4 Rac8 22.Bg3 h6
23.Bc7 Re7 24.Bxb6 Rb8 25.Nc6 Bxc6 26.Rxc6 Rd7 27.Bd4 a5 28.Rfc1 Rbb7 29.g4 Ng5
30.Kg2 Ne6 31.Bc3 Rb5 32.Rc4 Nc5 33.Bxg7 Kxg7 34.Rxc5 Rxb2 35.Rxa5 Rdd2 36.Rf5 Rxa2
37.Rc7 Ra3 38.Rcxf7+ Kg8 39.Re7  1-0

[Event "Quebec Open"]
[Site "Montreal CAN"]
[Date "2009.07.23"]
[Round "7"]
[White "Malakhatko,V"]
[Black "Leveille,F"]
[Result "1-0"]
[WhiteElo "2570"]
[BlackElo "2261"]

1.d4 d5 2.c4 e6 3.Nf3 Nf6 4.Nc3 Be7 5.Bf4 O-O 6.e3 c5 7.dxc5 Bxc5 8.Qc2 Nc6
9.a3 Qa5 10.Nd2 Be7 11.O-O-O a6 12.g4 Nxg4 13.cxd5 e5 14.Bg3 f5 15.h3 Nh6
16.dxc6 f4 17.Nb3  1-0

[Event "2nd Open"]
[Site "Paleohora GRE"]
[Date "2009.07.23"]
[Round "4"]
[White "Moradiabadi,E"]
[Black "Bensdorp,M"]
[Result "1-0"]
[WhiteElo "2542"]
[BlackElo "2334"]

1.d4 d5 2.c4 e6 3.Nc3 Be7 4.Nf3 Nf6 5.Bf4 O-O 6.e3 Nbd7 7.c5 c6 8.Bd3 b6
9.b4 a5 10.a3 Ba6 11.O-O Bxd3 12.Qxd3 Qc8 13.Rfc1 Qb7 14.Nd2 axb4 15.axb4 Rxa1
16.Rxa1 Ra8 17.Rb1 Bd8 18.e4 dxe4 19.Ndxe4 Nxe4 20.Nxe4 Nf6 21.Nd6 Qd7 22.b5 Nd5
23.Bg3 Bc7 24.h3 h6 25.Be5 cxb5 26.Rxb5 f6 27.Bg3 bxc5 28.dxc5 Rb8 29.Rxb8+ Bxb8
30.Qa6 Ne7 31.Qa8 Qa7 32.Qe4 Qd7 33.Qb4 Nc6 34.Qb5 Kf8 35.Bf4 Kg8 36.Bg3 Kf8
37.h4 Kg8 38.h5 Kf8 39.Bf4 Kg8 40.Qd3 Ne7 41.Qc4 Kf8 42.Bg3 Nc6 43.Qg4 Ne7
44.Qb4 Nc6 45.Qb1 Kg8 46.Qg6 Bxd6 47.Bxd6 Nd4 48.Qe4 Nc6 49.f4 Qc8 50.Kf2 Nd8
51.Qa4 Nc6 52.Qa2 Nd4 53.Qb2 Nc6 54.Qb6 Kf7 55.Ke3 Kg8 56.Qb3 Kh8 57.g3 Qe8
58.Qb7 e5 59.fxe5 Nxe5 60.Qb8 Nc4+ 61.Kd4 Nxd6 62.Qxd6 Qxh5 63.Kc4 Qe2+ 64.Kd5 Qa2+
65.Kc6 Qa6+ 66.Kc7 Qa7+ 67.Kd8 Qa8+ 68.Ke7 Qe4+ 69.Kf7 Qb7+ 70.Qe7 Qd5+ 71.Qe6 Qb7+
72.Qe7 Qb3+ 73.Ke8 Qb5+ 74.Kf8 Qb8+ 75.Qe8 Qc7 76.c6 f5 77.Qd7 Qb8+ 78.Kf7 Qb3+
79.Qe6  1-0

[Event "Politiken Cup"]
[Site "Helsingor DEN"]
[Date "2009.07.25"]
[Round "9"]
[White "Avrukh,B"]
[Black "Hammer,J"]
[Result "1-0"]
[WhiteElo "2641"]
[BlackElo "2583"]

1.d4 Nf6 2.Nf3 e6 3.c4 d5 4.Nc3 Be7 5.Bf4 O-O 6.e3 c5 7.dxc5 Bxc5 8.Qc2 Nc6
9.a3 Qa5 10.Nd2 Bb4 11.cxd5 exd5 12.Bd3 d4 13.O-O Bxc3 14.Nc4 Qh5 15.bxc3 dxe3
16.Nxe3 Bd7 17.Rfd1 Ne7 18.c4 Bc6 19.Bg3 Rfe8 20.Re1 Rad8 21.c5 Rd4 22.Nc4 Qd5
23.Ne3 Qh5 24.Rad1 Be4 25.Bxe4 Rxe4 26.Nc4 Nc6 27.Rxe4 Nxe4 28.Nd6 Rd8 29.Re1 Nxc5
30.Nxb7 Nxb7 31.Qxc6 Qd1 32.f3 Na5 33.Qb5 Qd4+ 34.Bf2  1-0

[Event "Continental ch-Americas"]
[Site "Sao Paulo BRA"]
[Date "2009.07.25"]
[Round "1"]
[White "Aranha Filho,A"]
[Black "Abdalla,J"]
[Result "1-0"]
[WhiteElo "2292"]
[BlackElo "1939"]

1.d4 Nf6 2.c4 e6 3.Nf3 d5 4.Nc3 Be7 5.Bf4 a6 6.c5 Nbd7 7.e3 Nh5 8.Bd3 Nxf4
9.exf4 c6 10.O-O O-O 11.Qc2 f5 12.b4 Qc7 13.g3 Rf6 14.a4 Qd8 15.b5 Qe8 16.bxc6 bxc6
17.Qe2 Rh6 18.Ng5 Nf6 19.f3 Qd7 20.a5 Bd8 21.Kg2 Qe8 22.Rh1 Qh5 23.h4 Ra7
24.Rab1 Qe8 25.Na4 Bxa5 26.Nb6 Bxb6 27.cxb6 Re7 28.Bxa6 Nd7 29.b7  1-0

[Event "ZMD Open"]
[Site "Dresden GER"]
[Date "2009.07.26"]
[Round "2"]
[White "Savchenko,S"]
[Black "Tominski,N"]
[Result "1-0"]
[WhiteElo "2526"]
[BlackElo "1897"]

1.d4 d5 2.c4 e6 3.Nf3 Nf6 4.Nc3 Be7 5.Bf4 Nbd7 6.e3 O-O 7.a3 a6 8.c5 Nh5
9.Bd3 Nxf4 10.exf4 c6 11.O-O b5 12.b4 Qc7 13.g3 f5 14.a4 Rb8 15.axb5 axb5
16.Ra3 Nf6 17.Ne5 Ne4 18.Ne2 Bb7 19.f3 Nf6 20.Qd2 Ra8 21.Rfa1 Rxa3 22.Rxa3 Ra8
23.Rxa8+ Bxa8 24.Qa2 Bb7 25.Nc1 Nd7 26.Nb3 Nxe5 27.dxe5 Qb8 28.Nd4 Kf7 29.h4 h5
30.Kg2 Qa8 31.Qxa8 Bxa8 32.Kh3 g6 33.g4 Bb7 34.Ne2 Bc8 35.Ng3 fxg4+ 36.fxg4 hxg4+
37.Kxg4 Bd7 38.Ne2 Bf8 39.h5 gxh5+ 40.Kxh5 Bg7 41.Nd4 Bf8 42.Bg6+ Ke7 43.Kg5 Bg7
44.Bh5 Bf8 45.Bg4 Bg7 46.Kg6 Bf8 47.Kh7 Kf7 48.Bh5+ Ke7 49.Bg6 Kd8 50.Bf7 Ke7
51.Bg8  1-0

[Event "ch-AUT"]
[Site "Jenbach AUT"]
[Date "2009.07.26"]
[Round "2"]
[White "Knoll,H"]
[Black "Theuretzbacher,K"]
[Result "1-0"]
[WhiteElo "2393"]
[BlackElo "2200"]

1.d4 Nf6 2.Nf3 e6 3.c4 d5 4.Nc3 Be7 5.Bf4 c6 6.e3 O-O 7.h3 Nbd7 8.c5 Ne4
9.Nxe4 dxe4 10.Nd2 e5 11.dxe5 Nxc5 12.Nc4 Be6 13.Qd4 Qd5 14.O-O-O Rfd8 15.Nd6 b6
16.b3 f6 17.Qc3 Nd3+ 18.Bxd3 exd3 19.e4 Qc5 20.Qxc5 bxc5 21.Rxd3 fxe5 22.Bxe5 c4
23.bxc4 Bxc4 24.Rd2 Bxd6 25.Bxd6 Bxa2 26.f4 a5 27.g4 a4 28.Re1 Bc4 29.Ba3 Rab8
30.Re3 Rxd2 31.Kxd2 Rb3 32.e5 h5 33.gxh5 Be6 34.h4 Kh7 35.Rxb3 axb3 36.Ke3 c5
37.Ke4 g6 38.hxg6+ Kxg6 39.h5+ Kxh5 40.f5 Bc4 41.e6 Kh6 42.Ke5 Kg7 43.f6+  1-0

[Event "Continental ch-Americas"]
[Site "Sao Paulo BRA"]
[Date "2009.07.26"]
[Round "2"]
[White "Veloso,P"]
[Black "Cornejo,M"]
[Result "1/2-1/2"]
[WhiteElo "2005"]
[BlackElo "2371"]

1.d4 d5 2.c4 e6 3.Nf3 Be7 4.Nc3 Nf6 5.Bf4 O-O 6.e3 c5 7.dxc5 Bxc5 8.Be2 Bb4
9.O-O Bxc3 10.bxc3 Nc6 11.Qc2 Qa5 12.Ne5 Nxe5 13.Bxe5 dxc4 14.Bg3 Bd7 15.Bxc4 Rfc8
16.Be2 Qxc3 17.Qxc3 Rxc3 18.Rfc1 Rac8 19.Rxc3 Rxc3 20.Be5 Rc2 21.Kf1 Kf8
22.Bd4 a6 23.a4 Rc8 24.Ke1 Bc6 25.f3 Nd7 26.e4 e5 27.Be3 Ke8 28.a5 g6 29.Bd3 Nf8
30.Bb6 Ne6 31.Rc1 Nf8 32.g3 Nd7 33.Be3 Kd8 34.Bf1 Ke7 35.Bh3 Rd8 36.Bxd7 Rxd7
37.Rd1 Rxd1+ 38.Kxd1 f5 39.Kd2 fxe4 40.f4 exf4 41.Bxf4 b5 42.axb6 Ke6 43.Be3 Kd5
44.Kc3 a5 45.h3 h5 46.g4 a4 47.gxh5 gxh5 48.Bf2 Bb7 49.Bg1 Bc8 50.Kb4 Ba6
51.Bf2 a3 52.Kxa3 Kc4 53.Kb2 Kd3 54.Kc1 e3 55.Bg1 Ke2 56.h4 Bb7 57.Kc2 Bc6
58.Kc3 Kf3 59.Kc2 Ke2 60.Kc3 Kf3 61.Kc2 e2 62.Kd2 Kg2 63.Kxe2 Kxg1 64.Ke3 Kg2
65.Kf4 Bf3 66.Kg5 Kg3 67.b7 Bxb7 68.Kxh5 Bf3+ 69.Kg5 Kh3 70.h5 Bxh5 71.Kxh5  1/2-1/2

[Event "Najdorf Mem Open"]
[Site "Warsaw POL"]
[Date "2009.07.26"]
[Round "9"]
[White "Melkumyan,H"]
[Black "Kosiorek,M"]
[Result "1-0"]
[WhiteElo "2530"]
[BlackElo "2362"]

1.d4 Nf6 2.c4 e6 3.Nc3 d5 4.Nf3 Be7 5.Bf4 O-O 6.e3 c5 7.dxc5 Bxc5 8.a3 Nc6
9.Qc2 Qa5 10.O-O-O dxc4 11.Bxc4 e5 12.Bg5 Be7 13.Nd2 b5 14.Bxb5 Be6 15.Bxf6 gxf6
16.Bxc6 Rab8 17.Ndb1 Bb3 18.Qe4 Rfc8 19.Rd7 Qc5 20.Bd5 Qb5 21.Rb7 Rxb7 22.Qg4+  1-0

[Event "Czech Open A"]
[Site "Pardubice CZE"]
[Date "2009.07.27"]
[Round "4"]
[White "Stohl,I"]
[Black "Mikhalevski,A"]
[Result "1/2-1/2"]
[WhiteElo "2549"]
[BlackElo "2417"]

1.c4 e6 2.Nc3 d5 3.d4 Be7 4.Nf3 Nf6 5.Bf4 O-O 6.e3 c5 7.dxc5 Bxc5 8.Qc2 Nc6
9.a3 Qa5 10.Rd1 Be7 11.Be2 dxc4 12.Bxc4 e5 13.Bg3 Bg4 14.O-O Rac8 15.Nd5 b5
16.Ba2 Nxd5 17.Bxd5 Nd4 18.Qb1 Nxf3+ 19.Bxf3 Bxf3 20.gxf3 b4 21.axb4 Bxb4
22.Qe4 f6 23.f4 exf4 24.Bxf4 Rfe8 25.Qb7 Bf8 26.Ra1 Qc5 27.Rxa7 Re7 28.Qb3+ Qc4
29.Qxc4+ Rxc4 30.Ra8 Rd7 31.b3 Rb4 32.Rc1 Kf7 33.Rcc8 Be7 34.Rab8 g5 35.Bg3 h5
36.Rxb4 Rd1+ 37.Kg2 Bxb4 38.Rb8 Be1 39.h4 Rb1 40.Rb5 Kg6 41.Rb6 Ba5 42.Ra6 Bc3
43.hxg5 Kxg5 44.Rb6 Rb2 45.Kh3 Kf5 46.Bh4 Rb1 47.Kg2 Rb2 48.Kf3 Rb1 49.e4+ Kg6
50.Bxf6 Bxf6 51.e5 Kf5 52.exf6 Kg6 53.Kg2 h4 54.b4 Rb3 55.b5 h3+ 56.Kh2 Rf3
57.Rc6 Rxf2+ 58.Kxh3 Rf5 59.b6 Rf1 60.Kg2 Rf5 61.Rd6 Rf4 62.Rc6 Rf5 63.Kh3 Rf1
64.Kg3 Rf5 65.Kg4 Rf1 66.Rc3 Rb1 67.Rc6 Rf1 68.Rc8 Rb1 69.Rc6 Rf1 70.Kg3 Rf5
71.Rc8  1/2-1/2

[Event "Tchibo Open B"]
[Site "Pardubice CZE"]
[Date "2009.07.28"]
[Round "5"]
[White "Ter Karapetian,Al"]
[Black "Schneider,Ch"]
[Result "1/2-1/2"]
[WhiteElo "2191"]
[BlackElo "2138"]

1.Nf3 d5 2.d4 Nf6 3.c4 e6 4.Nc3 Be7 5.Bf4 O-O 6.e3 c6 7.Qc2 Nbd7 8.a3 a6
9.Bd3 dxc4 10.Bxc4 b5 11.Be2 c5 12.dxc5 Nxc5 13.b4 Ncd7 14.Rd1 Qb6 15.Ng5 Rd8
16.Nce4 Nf8 17.Bc7 Rxd1+ 18.Bxd1 Qa7 19.Be5 Nd5 20.Bd4 Qc7 21.Qxc7 Nxc7 22.Bc5 Bxg5
23.Nxg5 Bb7 24.Bf3 Bxf3 25.Nxf3 Nd7 26.Ke2 Nxc5 27.Rc1 Kf8 28.Rxc5 Ne8 29.Rc6 Ke7
30.Ne5 a5 31.Rc5 axb4 32.axb4 Nd6 33.Nc6+ Kd7 34.Ne5+ Ke7 35.Nc6+ Kd7 36.Ne5+ Ke7  1/2-1/2

[Event "MTO"]
[Site "Biel SUI"]
[Date "2009.07.29"]
[Round "9"]
[White "Golod,V"]
[Black "Riazantsev,A"]
[Result "1/2-1/2"]
[WhiteElo "2599"]
[BlackElo "2647"]

1.c4 e6 2.d4 d5 3.Nc3 Be7 4.Nf3 Nf6 5.Bf4 O-O 6.e3 Nbd7 7.c5 c6 8.Bd3 Nh5
9.O-O Nxf4 10.exf4 Qc7 11.g3 b6 12.b4 a5 13.a3 Ba6 14.Qc2 Bxd3 15.Qxd3 Bf6  1/2-1/2

[Event "Hanowa Generations"]
[Site "Biel SUI"]
[Date "2009.07.30"]
[Round "10"]
[White "Illijin,N"]
[Black "Duport,N SUI"]
[Result "1/2-1/2"]
[WhiteElo "2246"]
[BlackElo "2114"]

1.Nf3 Nf6 2.c4 e6 3.d4 d5 4.Nc3 Be7 5.Bf4 O-O 6.e3 c5 7.dxc5 Bxc5 8.Qc2 Nc6
9.a3 Bd7 10.cxd5 exd5 11.Rd1 Rc8 12.Be2 Be6 13.O-O Qe7 14.Bg5 Rfd8  1/2-1/2

[Event "ch-AUT"]
[Site "Jenbach AUT"]
[Date "2009.07.31"]
[Round "7"]
[White "Pilaj,H"]
[Black "Heinrich,T AUT"]
[Result "1-0"]
[WhiteElo "2357"]
[BlackElo "2165"]

1.Nf3 d5 2.c4 e6 3.d4 Nf6 4.Nc3 Be7 5.Bf4 O-O 6.e3 b6 7.Rc1 c5 8.dxc5 bxc5
9.Be2 Bb7 10.O-O Nbd7 11.Ne5 Nxe5 12.Bxe5 Nd7 13.Bg3 Nb6 14.cxd5 Nxd5 15.Qc2 Nxc3
16.Qxc3 Qb6 17.Qc2 Ba6 18.Bxa6 Qxa6 19.Qc4 Qxc4 20.Rxc4 Rfd8 21.Rfc1 Rd2
22.R4c2 Rad8 23.Kf1 Kf8 24.Ke1 R2d7 25.f3 Bg5 26.Bf2 Be7 27.b3 a5 28.e4 c4
29.bxc4 Bb4+ 30.Kf1 Rc8 31.c5 Rdc7 32.Rc4 Rc6 33.R1c2 e5 34.Ke2 Rd8 35.Be3 Ke7
36.Bc1 Rdc8 37.Bg5+ f6 38.Be3 Rd8 39.Bc1 Rdc8 40.Be3 Rd8 41.g3 g6 42.Rc1 Ke6
43.Ra1 Rdc8 44.Rac1 Rd8 45.R1c2 Rd7 46.g4 g5 47.Bd2 Bxd2 48.Rxd2 Rb7 49.Rdc2 Kd7
50.Kf2 Kc7 51.Kg3 Rb1 52.h4 h6 53.hxg5 hxg5 54.Rh2 Kb7 55.Rh7+ Ka6 56.Rc2 Rb7
57.Rh8 Rbc7 58.Rf8 Rc8 59.Rf7 R8c7 60.Rf8 Rc8 61.Rxc8 Rxc8 62.Rd2 Kb5 63.Rb2+ Ka4
64.Rb6 Rxc5 65.Rxf6 Ka3 66.Rg6 Kxa2 67.Rxg5 a4 68.Rg8 Kb2 69.Rb8+ Kc2 70.Ra8 Kb3
71.g5 a3 72.Kg4 Rc4 73.g6 Rc1 74.Kf5 Rg1 75.Kf6 a2 76.g7 Kb2 77.Kf7 a1=Q
78.Rxa1 Kxa1 79.g8=Q Rxg8 80.Kxg8 Kb2 81.Kf7 Kc3 82.Ke6 Kd4 83.Kf5 Ke3 84.Kxe5 Kxf3
85.Kd5  1-0

[Event "III Deportiva San Juan Open"]
[Site "Pamplona ESP"]
[Date "2009.08.02"]
[Round "9"]
[White "Edouard,R"]
[Black "Mirzoev,A"]
[Result "1/2-1/2"]
[WhiteElo "2597"]
[BlackElo "2559"]

1.d4 d5 2.c4 e6 3.Nc3 Nf6 4.Nf3 Be7 5.Bf4 O-O 6.e3 Nbd7 7.c5 Nh5 8.Bd3 Nxf4
9.exf4 c6 10.O-O b6 11.b4 a5 12.a3 Ba6 13.Ne5 Nxe5 14.fxe5 Bxd3 15.Qxd3 axb4
16.axb4 bxc5 17.bxc5 f6 18.Qh3 f5 19.Na4 Qa5 20.Qc3 Rfb8 21.Qxa5 Rxa5 22.Nb6 Rb5
23.Rfb1  1/2-1/2

[Event "HZ Open"]
[Site "Vlissingen NED"]
[Date "2009.08.02"]
[Round "3"]
[White "Krasenkow,M"]
[Black "Michalczak,T"]
[Result "1-0"]
[WhiteElo "2631"]
[BlackElo "2352"]

1.Nf3 d5 2.d4 Nf6 3.c4 e6 4.Nc3 Be7 5.Bf4 O-O 6.e3 Nbd7 7.c5 c6 8.h3 b6 9.b4 a5
10.a3 Ba6 11.Bxa6 Rxa6 12.b5 cxb5 13.c6 Qc8 14.c7 b4 15.Nb5 a4 16.Rc1 Ne4
17.Nd2 Nec5 18.dxc5 bxc5 19.axb4 Qb7 20.Nc3 e5 21.Qf3 e4 22.Qe2 Re6 23.bxc5 Nxc5
24.O-O Nd3 25.Rb1 Qc6 26.Nb5 Nxf4 27.exf4 Qd7 28.Rfc1 Rc8 29.Nd4 Rg6 30.f5 Rd6
31.Rb8 Bf6 32.Qb5  1-0

[Event "Arctic Chess Challenge"]
[Site "Tromso NOR"]
[Date "2009.08.04"]
[Round "4"]
[White "Socko,B"]
[Black "Hanssen,G"]
[Result "1-0"]
[WhiteElo "2656"]
[BlackElo "2215"]

1.c4 e6 2.d4 d5 3.Nf3 Nf6 4.Nc3 Be7 5.Bf4 O-O 6.e3 c5 7.dxc5 Bxc5 8.Rc1 Nc6
9.a3 a6 10.b4 Be7 11.cxd5 Nxd5 12.Nxd5 Qxd5 13.Qxd5 exd5 14.Kd2 Bf6 15.Rc2 h6
16.Bd3 Bg4 17.Rhc1 Rfe8 18.h3 Bxf3 19.gxf3 d4 20.Be4 Rad8 21.Bxc6 dxe3+ 22.Ke2 bxc6
23.Bxe3 a5 24.Rxc6 axb4 25.axb4 Bd4 26.Rd1 f5 27.Rc4 Bxe3 28.Rxd8 Rxd8 29.fxe3 Kf7
30.Rd4 Rc8 31.Kd3 Kf6 32.b5 Kg5 33.Rb4 Rc7 34.b6 Rb7 35.Kd4 Kh4 36.Ke5+ f4
37.Kxf4 Kxh3 38.Kf5 Kg3 39.f4 h5 40.e4 h4 41.Rb3+ Kg2 42.Kg4  1-0

[Event "IMA"]
[Site "Olomouc CZE"]
[Date "2009.08.05"]
[Round "1"]
[White "Masse,H"]
[Black "Oparin,G"]
[Result "1/2-1/2"]
[WhiteElo "2220"]
[BlackElo "2350"]

1.d4 d5 2.c4 e6 3.Nc3 Be7 4.Nf3 Nf6 5.Bf4 O-O 6.e3 c5 7.dxc5 Bxc5 8.cxd5 Nxd5
9.Nxd5 exd5 10.a3 Nc6 11.Bd3 Bb6 12.O-O h6 13.b4 a6 14.h3 Be6 15.Rc1 Rc8
16.Ne5 Nxe5 17.Rxc8 Bxc8 18.Bxe5 Re8 19.Bb2 Qg5 20.Qf3 Bd7 21.Rd1 Ba4 22.Rc1 Bc6
23.Qf5 Qxf5 24.Bxf5 Rd8 25.Rd1 g6 26.Bc2 Bb5 27.Bd4 Bxd4 28.Rxd4 Bc4 29.e4 b5
30.Bd1 f5 31.exf5 gxf5 32.g3 Kg7 33.Kg2 Kf6 34.Kf3 Ke5 35.Ke3 Rd6 36.Bc2 Rf6
37.Rf4 Bf1 38.h4 Bc4 39.f3 Rf8 40.Bb1 Rf6 41.Bc2 Rf8  1/2-1/2

[Event "24th ICT Acropolis"]
[Site "Chalkida GRE"]
[Date "2009.08.10"]
[Round "1"]
[White "Gupta,Ab"]
[Black "Mamedjarova,T"]
[Result "1-0"]
[WhiteElo "2565"]
[BlackElo "2260"]

1.d4 d5 2.c4 e6 3.Nc3 Nf6 4.Nf3 Be7 5.Bf4 O-O 6.e3 b6 7.cxd5 exd5 8.Bd3 c5
9.Ne5 Bb7 10.O-O Na6 11.Qa4 Nc7 12.Nc6 Qd7 13.Nxe7+ Qxe7 14.Qa3 Ne6 15.Be5 Nd7
16.Bg3 f5 17.Rfe1 a6 18.Bf1 Rfe8 19.dxc5 Qxc5 20.Qb3 Kh8 21.Rad1 f4 22.exf4 Nc7
23.Rxe8+ Rxe8 24.f5 b5 25.Bxc7 Qxc7 26.Nxd5 Qc5 27.Qc3 Qxc3 28.Nxc3 Nc5 29.b4 Ne4
30.Nxe4 Bxe4 31.Re1 Kg8 32.f3 Bc6 33.Rxe8+ Bxe8 34.Kf2 Kf7 35.Ke3 Kf6 36.Ke4  1-0

[Event "5th FIDE GP"]
[Site "Jermuk ARM"]
[Date "2009.08.11"]
[Round "3"]
[White "Kasimdzhanov,R"]
[Black "Jakovenko,D"]
[Result "1/2-1/2"]
[WhiteElo "2672"]
[BlackElo "2760"]

1.d4 d5 2.c4 e6 3.Nf3 Nf6 4.Nc3 Be7 5.Bf4 O-O 6.e3 Nbd7 7.c5 c6 8.h3 b6 9.b4 a5
10.a3 Bb7 11.Bd3 Qc8 12.O-O Ba6 13.Qc2 Bxd3 14.Qxd3 Qb7 15.Rfc1 axb4 16.axb4 Rxa1
17.Rxa1 Ra8 18.Qb1 Rxa1 19.Qxa1 Bd8 20.Qa4 b5 21.Qa2 Ne8 22.Ne1 g5 23.Bh2 Bc7
24.Nd3 Bxh2+ 25.Kxh2 f6 26.Kg1 Kf7 27.e4 dxe4 28.Nxe4 Nf8 29.f4 gxf4 30.Nxf4 Ke7
31.Nh5 Nd7 32.Nf4 Nf8 33.Nh5 Nd7 34.g4 Qb8 35.Kg2 Nc7 36.Nc3 Qa8 37.Qc2 Qg8
38.Nf4 f5 39.Qe2 fxg4 40.d5 cxd5 41.Ncxd5+ Nxd5 42.Nxd5+ Kf7 43.Qf2+ Ke8
44.Nc7+ Kd8 45.Nxb5 gxh3+ 46.Kxh3 Qg5 47.Qh4 Qxh4+ 48.Kxh4 Ne5 49.Nd4 Nd3
50.Nxe6+ Ke7 51.Ng5 Nxb4  1/2-1/2

[Event "ch-FRA National w"]
[Site "Nimes FRA"]
[Date "2009.08.11"]
[Round "1"]
[White "Collas,S"]
[Black "Maisuradze,N"]
[Result "1/2-1/2"]
[WhiteElo "2315"]
[BlackElo "2271"]

1.d4 d5 2.c4 e6 3.Nc3 Be7 4.Nf3 Nf6 5.Bf4 O-O 6.Qc2 c5 7.dxc5 Bxc5 8.e3 Nc6
9.Rd1 Qe7 10.Bg5 dxc4 11.Bxc4 h6 12.Bh4 Rd8 13.O-O b6 14.Rxd8+ Qxd8 15.Rd1 Qe7
16.a3 Bb7 17.b4 Bd6 18.Bxf6 gxf6 19.Ne4 Rd8 20.Bb5 Ne5 21.Nxe5 Bxe5 22.Ng3 Bxg3
23.hxg3 f5 24.Rxd8+ Qxd8 25.Qd3 Qxd3 26.Bxd3 Kg7 27.f3 Kf6 28.Kh2 Bd5 29.Kh3 Kg5
30.Ba6 Kf6 31.Kh4 Kg6 32.a4 Kf6 33.Kh5 Kg7 34.a5 bxa5 35.bxa5 Bc6 36.Bc4 Bb7
37.g4 fxg4 38.Kxg4 Kf6 39.Kh5 Kg7 40.Bf1 Bc6 41.f4 Be4 42.g4 Bf3 43.Kh4 Kg6
44.Bd3+ Kf6 45.Kg3 Bc6 46.Be2 Kg6 47.Bf3 Bxf3 48.Kxf3 f5 49.e4 fxg4+ 50.Kxg4 a6
51.Kh4 Kf6 52.Kh5 Kg7 53.Kh4  1/2-1/2

[Event "59th ch-HUN"]
[Site "Szeged HUN"]
[Date "2009.08.12"]
[Round "4"]
[White "Erdos,V"]
[Black "Berkes,F"]
[Result "1/2-1/2"]
[WhiteElo "2565"]
[BlackElo "2647"]

1.d4 d5 2.c4 e6 3.Nc3 Be7 4.Nf3 Nf6 5.Bf4 O-O 6.e3 c5 7.dxc5 Bxc5 8.Qc2 Nc6
9.Rd1 Qb6 10.Be2 d4 11.exd4 Nxd4 12.Nxd4 Bxd4 13.O-O Bd7 14.Qd2 e5 15.Be3 Bxe3
16.Qxe3 Qxe3 17.fxe3 Rfd8 18.Rd2 Bc6 19.Rfd1 Rxd2 20.Rxd2 Kf8 21.Bf3 Ke7
22.Kf2 a5 23.b3 h5 24.h3 g6 25.Rd1 Rb8 26.Ke1 Rg8 27.Kf2 Rb8 28.Ke1 Rg8 29.Kf2 Rb8
30.Ke1  1/2-1/2

[Event "24th ICT Acropolis"]
[Site "Chalkida GRE"]
[Date "2009.08.15"]
[Round "6"]
[White "Filippas,D"]
[Black "Melia,S"]
[Result "0-1"]
[WhiteElo "1928"]
[BlackElo "2441"]

1.d4 d5 2.c4 e6 3.Nf3 Nf6 4.Nc3 Be7 5.Bf4 c5 6.dxc5 Bxc5 7.e3 Nc6 8.a3 O-O
9.Qc2 Qa5 10.Nd2 Be7 11.Bg3 Qb6 12.Be2 d4 13.Na4 Qd8 14.O-O Bd6 15.Bh4 Qc7
16.Kh1 Be7 17.Rad1 e5 18.b4 dxe3 19.fxe3 Ng4 20.Bxe7 Qxe7 21.Bxg4 Bxg4 22.Rc1 Rad8
23.Ne4 f5 24.Nec3 f4 25.Nd5 Qg5 26.exf4 exf4 27.Nc5 f3 28.gxf3 Nd4 29.f4 Qh5
30.Qg2 Bh3 31.Qf2 Rxd5 32.cxd5 Qxd5+ 33.Kg1 Rxf4  0-1

[Event "16th Vienna Open"]
[Site "Vienna AUT"]
[Date "2009.08.15"]
[Round "1"]
[White "Moradiabadi,E"]
[Black "Cotterill,D"]
[Result "1-0"]
[WhiteElo "2542"]
[BlackElo "2104"]

1.d4 d5 2.c4 e6 3.Nc3 Nf6 4.Nf3 Be7 5.Bf4 O-O 6.e3 c5 7.dxc5 Bxc5 8.a3 Nc6
9.Qc2 dxc4 10.Bxc4 a6 11.O-O Qe7 12.Rfd1 b5 13.Bd3 Bb7 14.Ne4 Nxe4 15.Bxe4 f5
16.Bg5 Qc7 17.Bd5 exd5 18.Qxc5 Rac8 19.Bf4 Qf7 20.Ng5 Qe8 21.Qxd5+ Kh8 22.Qd7 Ba8
23.Ne6 Rf7 24.Qxe8+ Rxe8 25.Nc7 Rc8 26.Nxa6 Na5 27.Rac1 Rff8 28.Nc7 Nc4 29.b3  1-0

[Event "A2Bmedialtd.com Int Gp C"]
[Site "Uxbridge ENG"]
[Date "2009.08.16"]
[Round "9"]
[White "Brown,Th"]
[Black "Bailey,K"]
[Result "0-1"]
[WhiteElo "2033"]
[BlackElo "2082"]

1.d4 d5 2.c4 e6 3.Nc3 Be7 4.Nf3 Nf6 5.Bf4 O-O 6.e3 Nbd7 7.c5 c6 8.Bd3 b6
9.b4 a5 10.a3 bxc5 11.bxc5 Ba6 12.O-O Bxd3 13.Qxd3 Nh5 14.Rfb1 Nxf4 15.exf4 Qc7
16.g3 Rfb8 17.Kg2 Bd8 18.Ra2 Rxb1 19.Qxb1 Rb8 20.Rb2 Rxb2 21.Qxb2 f6 22.Na4 Qa7
23.h4 Qa6 24.h5 Bc7 25.Qb1 Qb5 26.Qxb5 cxb5 27.Nc3 b4 28.axb4 axb4 29.Na4 Kf7
30.Kf1 Ke7 31.Ke2 Nb8 32.Nb2 Nc6 33.Nd3 b3 34.Nb2 e5 35.fxe5 fxe5 36.dxe5 Nxe5
37.Nd2 Kd7 38.Nxb3 Kc6 39.Nd4+ Kxc5 40.Ne6+ Kd6 41.Nxg7 Ba5 42.Nd3 Ng4 43.Nf4 Nf6
44.f3 Ke5 45.Nd3+ Kd6 46.Ke3 Bc3 47.Kf4 Ng8 48.Ne8+ Kd7 49.Kf5 Kxe8 50.Ke6 d4
51.f4 Nh6 52.f5 Nf7 53.g4 Bd2 54.Kf6 Kf8 55.Nc5 Bg5+ 56.Ke6 Kg7 57.Kd5 Bf6
58.Ke6 Ng5+ 59.Kd5 Nh3 60.Ne6+ Kh6 61.Nxd4 Bxd4 62.Kxd4 Nf2  0-1

[Event "16th Vienna Open"]
[Site "Vienna AUT"]
[Date "2009.08.16"]
[Round "2"]
[White "Bukal,V jr"]
[Black "Steiner,B"]
[Result "1-0"]
[WhiteElo "2394"]
[BlackElo "2172"]

1.d4 Nf6 2.c4 e6 3.Nc3 d5 4.Nf3 Be7 5.Bf4 O-O 6.e3 c5 7.dxc5 Bxc5 8.Qc2 Nc6
9.a3 Qa5 10.Nd2 Be7 11.Rd1 Bd7 12.Be2 Rac8 13.O-O Qd8 14.Nf3 Qa5 15.h3 dxc4
16.Bxc4 e5 17.Bg5 Rfd8 18.Bxf6 Bxf6 19.Ne4 b5 20.Bxf7+ Kf8 21.Nxf6 gxf6 22.Qxh7 e4
23.Bb3  1-0

[Event "16th Vienna Open"]
[Site "Vienna AUT"]
[Date "2009.08.17"]
[Round "3"]
[White "Moradiabadi,E"]
[Black "Ootes,Le"]
[Result "1-0"]
[WhiteElo "2542"]
[BlackElo "2082"]

1.d4 d5 2.c4 e6 3.Nc3 Nf6 4.Nf3 Be7 5.Bf4 O-O 6.e3 c5 7.dxc5 Bxc5 8.a3 Nc6
9.Qc2 Qa5 10.Rd1 Be7 11.Be2 a6 12.O-O dxc4 13.Bxc4 h6 14.Ne4 Nxe4 15.Qxe4 Qf5
16.Bd3 Qxe4 17.Bxe4 Bf6 18.b4 Re8 19.Bc7 g5 20.h3 Kg7 21.Rc1 Ne7 22.Rfd1 Nd5
23.Be5 Bd7 24.Bxd5 exd5 25.Rxd5 Bxe5 26.Rxd7 Bb2 27.Rb1 Bxa3 28.Rd3  1-0

[Event "BDO Premier"]
[Site "Haarlem NED"]
[Date "2009.08.18"]
[Round "4"]
[White "Khenkin,I"]
[Black "Zumsande,M"]
[Result "1/2-1/2"]
[WhiteElo "2634"]
[BlackElo "2403"]

1.d4 e6 2.c4 d5 3.Nf3 Nf6 4.Nc3 Be7 5.Bf4 O-O 6.a3 c5 7.dxc5 Bxc5 8.e3 Nc6
9.Qc2 Qa5 10.Rd1 Be7 11.Be2 Ne4 12.cxd5 Nxc3 13.bxc3 exd5 14.O-O Be6 15.a4 Qc5
16.Rb1 b6 17.Rfd1 Bf6 18.Ng5 Bxg5 19.Bxg5 d4 20.Bf4 Rad8 21.Bd3 dxc3 22.Rb5 Nb4
23.Rxc5 Nxc2 24.Rxc3  1/2-1/2